A las montañas de la luna / (Record no. 166460)

MARC details
000 -LEADER
campo de control de longitud fija 00923nam a2200229 i 4500
001 - NÚMERO DE CONTROL
campo de control 166460
003 - IDENTIFICADOR DE NÚMERO DE CONTROL
campo de control ES-MaACL
005 - FECHA Y HORA DE LA ÚLTIMA TRANSACCIÓN
campo de control 20250817030024.0
008 - DATOS DE LONGITUD FIJA--INFORMACIÓN GENERAL
campo de control de longitud fija 931025q18681869sp |||| | spa d
100 1# - ENTRADA PRINCIPAL--NOMBRE DE PERSONA
Nombre de persona Torre, Fernán de la.
9 (RLIN) 133311
245 10 - MENCIÓN DEL TÍTULO
Título A las montañas de la luna /
Mención de responsabilidad, etc. original de Fernán de la Torre.
260 ## - PUBLICACIÓN, DISTRIBUCIÓN, ETC.
Lugar de publicación, distribución, etc. Madrid :
Nombre del editor, distribuidor, etc. Librería de Cuesta,
Fecha de publicación, distribución, etc. [s.a.] (
Fabricante Imp. de la Biblioteca de Instrucción y Recreo)
300 ## - DESCRIPCIÓN FÍSICA
Extensión 272 p. ;
Dimensiones 18 cm.
490 1# - MENCIÓN DE SERIE
Mención de serie Biblioteca Económica de Instrucción y Recreo
596 #1 - NOTA AL PIE DE IMPRENTA
NOTA AL PIE DE IMPRENTA La "Biblioteca de Instrucción y Recreo" de la Librería de Cuesta, se publicó ca. 1868-1869.
700 11 - ENTRADA AGREGADA--NOMBRE PERSONAL
Nombre de persona Cuesta, José,
Término indicativo de función/relación
9 (RLIN) 126661
730 01 - ASIENTO SECUNDARIO--TITULO UNIFORME
Título uniforme Biblioteca de instrucción y recreo
-- imp.
9 (RLIN) 182429
752 ## - ENTRADA AGREGADA--NOMBRE JERÁRQUICO DEL LUGAR
País o entidad superior España -
Ciudad Madrid
830 00 - PUNTO DE ACCESO ADICIONAL DE SERIE-TÍTULO UNIFORME
Título uniforme Biblioteca económica de instrucción y recreo
9 (RLIN) 182441
852 ## - LOCALIZACIÓN
Ubicación ES-MaACL
Número de control de estantería C-3495
Nota libre -- Rust.
Holdings
Estatus retirado Estado de pérdida Estado de daño No para préstamo Biblioteca de origen Biblioteca actual Ubicación en estantería Fecha de adquisición Fuente de adquisición Total de préstamos Signatura topográfica completa Código de barras Visto por última vez Precio de reemplazo Tipo de ítem Koha
        Biblioteca del Ateneo de Madrid Biblioteca del Ateneo de Madrid Sala Palomar 17/01/2008     C-3495 1174584 23/02/2023 23/02/2023 Libro impreso